Online Catalogue and eLibrary

Control of state land : (Record no. 2868)

MARC details
000 -LEADER
fixed length control field 00355nam a2200145Ia 4500
005 - DATE AND TIME OF LATEST TRANSACTION
control field 20240610023922.0
008 - FIXED-LENGTH DATA ELEMENTS--GENERAL INFORMATION
fixed length control field 240331s9999 xx 000 0 und d
082 ## - DDC Classification
Item Number - Author Mark BAS
Class No. 351
100 ## - MAIN ENTRY--PERSONAL NAME
Personal name Bastian, S
245 #0 - TITLE STATEMENT
Title Control of state land :
Remainder of title the devolution debate
260 ## - PUBLICATION, DISTRIBUTION, ETC.
Place of publication, distribution, etc. Colombo
Name of publisher, distributor, etc. ICES
Date of publication, distribution, etc. 1995
300 ## - PHYSICAL DESCRIPTION
Extent (e.g. Volumes, Pages etc.) 32 p.,
650 ## - SUBJECT ADDED ENTRY--TOPICAL TERM
Topical term or geographic name entry element Devolution
942 ## - Koha item type (Biblio)
Koha item type Books in Stacks (Lending)
Holdings
Lost status Damaged status Collection code Home library Current library Shelving location Date acquired Full call number Accession Number Item type
    Lending WERC Library WERC Library Social Science Cupboard 03/31/2024 351 BAS 5081 Books in Stacks (Lending)

© WERC Library